| 000 | 00526cam a2200205ua 4500 | ||
|---|---|---|---|
| 001 | 507 | ||
| 008 | 110407n ii |||gr||||Z||||||eng | ||
| 020 | _a81-7050-036-2 | ||
| 020 | _a81-7050-037-0 | ||
| 040 | _cMAIN | ||
| 082 | _a327 | ||
| 245 | 1 |
_aPeace has no alternative _cby Mikhail S. Gorbachev |
|
| 250 | _a1st. | ||
| 260 |
_aNew Delhi: _bPatriot,986. |
||
| 300 |
_axxiii, 640p.: _c45cm. |
||
| 653 | _aPolitical science | ||
| 653 | _aPeace has no alternative | ||
| 700 |
_aGorbachev, Mikhail S., _eAuthor. |
||
| 942 | _cBK | ||
| 999 |
_c446 _d446 |
||